000 00701cam a2200181 i 4500
005 20251117114322.0
008 250721s1992 le gr 000 0 ara d
082 1 4 _a210.413343
_bج و ب
100 1 _aالجوبري، عبد الرحيم
_eمؤلف.
245 1 2 _aالمختار في في كشف الأسرار وهتك الأستار /
_cللعالم الروحاني الشيخ عبد الرحيم الجوبري ؛ تقديم وتحقيق د. عصام شبارو.
264 3 1 _aبيروت :
_bدار التضامن،
_c1992.
300 _a174 صفحة.
650 1 7 _aالإسلام.
650 1 7 _aالسحر.
650 1 7 _aالتنجيم.
942 _2ddc
_cBK
999 _c6140
_d6140